00520nam a22001697a 450000500170000001000150001702000260003203500140005803700130007208200120008510000170009724500680011426000370018227000700021930000270028950000340031620170713114342.0 aENG-119168 a9788175418028c250.00 aEN-102700 bDBAD/PUB a371.102 aHay, Richard aProfessionalization of teachers and institute /cby Richard Hay aDelhibShipra Publicationsc2015 aLG-18-19,Pankaj Central Market,I.P.Ext. PatparganjbDelhie110092 axviii,245p.c23cm(pbk) aIncludes references and index